000 00432nam a2200145 4500
001 138748
003 ES-MaACL
005 20230906195628.0
007 t|
008 070214s1922 sp r ||||1| spa d
100 1 _aSanz Martínez, Julián.
_9103663
245 1 3 _aEl arte rupestre en la provincia de León /
_cJulián Sanz Martínez.
260 _aMadrid :
_b[s.n.],
_c1922 (
_fViuda de Sanz Calleja)
852 _aES-MaACL
_j1621-F-3
999 _c138748
_d138748